[Event "Cracovia Festival-A 2023"]
[Site "Krakow"]
[Date "2024.01.04"]
[Round "9.37"]
[White "Pacuszka, Tomasz"]
[Black "Zdybel, Przemyslaw"]
[Result "1/2-1/2"]
[WhiteElo "2124"]
[BlackElo "2180"]
[Annotator "RC"]
[PlyCount "84"]
[EventDate "2023.12.24"]
[EventType "swiss"]
[EventCountry "POL"]
[SourceTitle "playchess.com"]
[Source "ChessBase"]
[SourceQuality "1"]

1. e4 e6 2. d4 d5 3. e5 c5 4. c3 Nc6 5. Nf3 Bd7 6. Be2 Qb6 7. O-O Rc8 8. h3 Nge7 9. Na3 cxd4 10. cxd4 Nb4 11. g4 h5 12. Kg2 Ng6 13. Be3 a6 14. Qb3 a5 15. Rh1 Be7 16. Bd2 Kf8 17. Qe3 Kg8 18. Bc3 f6 19. exf6 Bxf6 20. Rhg1 hxg4 21. hxg4 Rf8 22. Rh1 Rxh1 23. Rxh1 Qd6 24. Kf1 Qf4 25. Bxb4 axb4 26. Nc2 Be7 27. Qd3 Qxg4 28. Ne3 Qe4 29. Qxe4 dxe4 30. Nd2 Bf6 31. Nb3 Nf4 32. Bc4 Bc6 33. Rg1 b5 34. Be2 Nd5 35. Bg4 Nxe3+ 36. fxe3 Bd5 37. Ke2 Bh4 38. Rg2 Bc4+ 39. Kd2 Rf1 40. Be2 Rb1 41. Kc2 Re1 42. Kd2 Rb1 1/2-1/2

[Event "Cracovia Festival-A 2023"]
[Site "Krakow"]
[Date "2024.01.04"]
[Round "9.38"]
[White "Jedraszek, Pawel"]
[Black "Kazantzoglou, Stefanos"]
[Result "0-1"]
[WhiteElo "2124"]
[BlackElo "2152"]
[Annotator "RC"]
[PlyCount "108"]
[EventDate "2023.12.24"]
[EventType "swiss"]
[EventCountry "POL"]
[SourceTitle "playchess.com"]
[Source "ChessBase"]
[SourceQuality "1"]

1. e4 e5 2. Nf3 Nc6 3. Bb5 a6 4. Ba4 Nf6 5. O-O b5 6. Bb3 Bc5 7. a4 Rb8 8. Nxe5 Nxe5 9. d4 Bxd4 10. Qxd4 d6 11. f4 Nc6 12. Qc3 Ne7 13. Qe1 O-O 14. f5 Bb7 15. Nc3 b4 16. Ne2 Kh8 17. Ng3 Qd7 18. Rf4 a5 19. Qe2 Rbe8 20. Bd2 Nc6 21. Qf2 Ne5 22. Rh4 d5 23. Bg5 Neg4 24. Qd4 c5 25. Qxc5 dxe4 26. Nh5 Nxh5 27. Rxg4 Nf6 28. Rh4 Qc6 29. Qe3 Re5 30. Rf1 Qc5 31. Qxc5 Rxc5 32. Be3 Rcc8 33. g4 Nd5 34. Bd4 e3 35. g5 f6 36. g6 h6 37. Rf3 Rfe8 38. Kf1 Ba6+ 39. Ke1 Bc4 40. Bxc4 Rxc4 41. Bxf6 Rxc2 42. Bg5 Rxb2 43. f6 Rb1+ 44. Ke2 gxf6 45. Bxh6 Kg8 46. Rfh3 Nc3+ 47. Kf3 Rf1+ 48. Kg2 Rf2+ 49. Kg3 Ne2+ 50. Kg4 Re4+ 51. Kh5 Rf5+ 52. Bg5 Rxg5+ 53. Kh6 Nd4 54. Rxe4 Nf5# 0-1

[Event "Cracovia Festival-A 2023"]
[Site "Krakow"]
[Date "2024.01.04"]
[Round "9.39"]
[White "Warchol, Kamil"]
[Black "Janzelj, Tim"]
[Result "0-1"]
[WhiteElo "2108"]
[BlackElo "2441"]
[Annotator "RC"]
[PlyCount "69"]
[EventDate "2023.12.24"]
[EventType "swiss"]
[EventCountry "POL"]
[SourceTitle "playchess.com"]
[Source "ChessBase"]
[SourceQuality "1"]

1. e4 d6 2. d4 Nf6 3. Nc3 e5 4. Nf3 Nbd7 5. Bc4 Be7 6. O-O O-O 7. Re1 c6 8. a4 h6 9. b3 Re8 10. h3 Qc7 11. Bb2 Nf8 12. Nh4 Be6 13. Bxe6 Nxe6 14. Nf5 Bf8 15. d5 Nf4 16. Kh2 g6 17. Ne3 Qd7 18. Qf3 Rac8 19. Rac1 h5 20. Ne2 Bh6 21. Nxf4 Bxf4+ 22. g3 Bg5 23. c4 h4 24. Rcd1 c5 25. Ng2 hxg3+ 26. Qxg3 Bc1 27. Rxc1 Kg7 28. f4 Nh5 29. Qf3 Nxf4 30. Nxf4 Qe7 31. Re3 Rh8 32. h4 Kh6 33. Kh3 b6 34. Kg2 g5 35. hxg5+ 0-1

[Event "Cracovia Festival-A 2023"]
[Site "Krakow"]
[Date "2024.01.04"]
[Round "9.40"]
[White "Fishchuk, Vladyslav"]
[Black "Flak, Pawel"]
[Result "1-0"]
[WhiteElo "2198"]
[BlackElo "2145"]
[Annotator "RC"]
[PlyCount "109"]
[EventDate "2023.12.24"]
[EventType "swiss"]
[EventCountry "POL"]
[SourceTitle "playchess.com"]
[Source "ChessBase"]
[SourceQuality "1"]

1. d4 Nf6 2. c4 b6 3. Nf3 Bb7 4. g3 e6 5. Bg2 Be7 6. O-O O-O 7. Re1 d6 8. Nc3 Ne4 9. Qc2 f5 10. Nd2 d5 11. Ndxe4 dxe4 12. Be3 c5 13. dxc5 Bxc5 14. Bxc5 bxc5 15. Rad1 Qe7 16. Qd2 Nc6 17. Qd6 Qxd6 18. Rxd6 Ne5 19. b3 Kf7 20. f4 exf3 21. exf3 Ke7 22. Nb5 Nxf3+ 23. Bxf3 Bxf3 24. Rdxe6+ Kf7 25. Re7+ Kg8 26. Nc7 Rac8 27. Ne6 Rf6 28. Nxg7 Ra6 29. Nxf5 Rf8 30. Rg7+ Kh8 31. Rf7 Kg8 32. Rg7+ Kh8 33. Rf7 Kg8 34. Rxf8+ Kxf8 35. Rf1 Be2 36. Rf2 Bd3 37. Ne3+ Kg7 38. Nd5 Re6 39. Rd2 Be4 40. Kf2 a5 41. Re2 Bxd5 42. cxd5 Rd6 43. Re7+ Kf8 44. Rxh7 Rxd5 45. Ke3 Re5+ 46. Kd3 Rf5 47. a4 Rf2 48. Rh5 Kf7 49. Rxc5 Rxh2 50. Rxa5 Rg2 51. Rg5 Kf6 52. Rg4 Ke5 53. Kc4 Kd6 54. Rg6+ Kc7 55. a5 1-0

[Event "Cracovia Festival-A 2023"]
[Site "Krakow"]
[Date "2024.01.04"]
[Round "9.41"]
[White "Mirski, Stanislaw"]
[Black "Katsanis, Vasileios Dim"]
[Result "1/2-1/2"]
[WhiteElo "2187"]
[BlackElo "2133"]
[Annotator "RC"]
[PlyCount "70"]
[EventDate "2023.12.24"]
[EventType "swiss"]
[EventCountry "POL"]
[SourceTitle "playchess.com"]
[Source "ChessBase"]
[SourceQuality "1"]

1. d4 d5 2. Nf3 Nf6 3. g3 e6 4. Bg2 Be7 5. O-O O-O 6. c4 dxc4 7. Qc2 a6 8. a4 Bd7 9. Qxc4 Bc6 10. Bg5 Bd5 11. Qc2 Be4 12. Qc1 h6 13. Bxf6 Bxf6 14. Nc3 Bxf3 15. Bxf3 c6 16. Rd1 a5 17. Ne4 Be7 18. e3 Na6 19. Nd2 Qc7 20. Qc4 Nb4 21. Rac1 Rad8 22. Qb3 Rd7 23. Nc4 Bf6 24. Na3 Rfd8 25. Kg2 e5 26. Bg4 Rd5 27. Nb5 Qe7 28. Nc3 R5d6 29. Ne4 Rd5 30. Nc3 R5d6 31. Ne4 Rd5 32. Nc3 R5d6 33. Nb5 Rd5 34. e4 Rxb5 35. axb5 exd4 1/2-1/2

[Event "Cracovia Festival-A 2023"]
[Site "Krakow"]
[Date "2024.01.04"]
[Round "9.42"]
[White "Kovalevsky, Stanislav"]
[Black "Gbiorczyk, Mikolaj"]
[Result "0-1"]
[WhiteElo "2163"]
[BlackElo "2137"]
[Annotator "RC"]
[PlyCount "70"]
[EventDate "2023.12.24"]
[EventType "swiss"]
[EventCountry "POL"]
[SourceTitle "playchess.com"]
[Source "ChessBase"]
[SourceQuality "1"]

1. e4 g6 2. c4 Bg7 3. Nc3 d6 4. g3 c5 5. Bg2 Nc6 6. d3 e6 7. Nf3 Nge7 8. Bg5 O-O 9. Qd2 a6 10. h4 h5 11. Nh2 e5 12. O-O-O b5 13. Rdg1 Nd4 14. g4 hxg4 15. f3 f6 16. Be3 g3 17. Nf1 f5 18. Bg5 f4 19. Nd5 Ra7 20. h5 Be6 21. Nxe7+ Rxe7 22. Bxe7 Qxe7 23. b3 Rb8 24. Qd1 bxc4 25. dxc4 Bxc4 26. Nd2 Be2 27. Qe1 c4 28. Bf1 Bxf1 29. Qxf1 cxb3 30. axb3 Qc7+ 31. Qc4+ Qxc4+ 32. bxc4 Ne2+ 33. Kc2 Nxg1 34. Rxg1 gxh5 35. Rh1 Bf6 0-1

[Event "Cracovia Festival-A 2023"]
[Site "Krakow"]
[Date "2024.01.04"]
[Round "9.43"]
[White "Kaim, Piotr"]
[Black "Krainski, Aleksander"]
[Result "0-1"]
[WhiteElo "2127"]
[BlackElo "2102"]
[Annotator "NA RC"]
[PlyCount "65"]
[EventDate "2023.12.24"]
[EventType "swiss"]
[EventCountry "POL"]
[SourceTitle "playchess.com"]
[Source "ChessBase"]
[SourceQuality "1"]

1. d4 d5 2. c4 e6 3. Nc3 Nf6 4. cxd5 exd5 5. Bg5 c6 6. e3 h6 7. Bh4 Be7 8. Bd3 O-O 9. Qc2 Re8 10. Nge2 Nbd7 11. f3 b5 12. O-O Bb7 13. Bf2 a6 14. Rad1 c5 15. Bf5 c4 16. e4 b4 17. Na4 dxe4 18. fxe4 Bc6 19. e5 Nd5 20. e6 fxe6 21. Bxe6+ Kh8 22. Bxd5 Bxd5 23. Nf4 Bf7 24. d5 Bd6 25. Bd4 Qg5 26. Ne6 Bxe6 27. dxe6 Rxe6 28. Qxc4 Rae8 29. Qd3 Ne5 30. Qh3 Ng4 31. Kh1 Nxh2 32. Rg1 Ng4 33. g3 0-1